Date de naissance des Rois de France - Statistiques

Statistiques générales
  • Ce quiz a été pris 57 fois
  • Le résultat moyen est 11 sur 20
Statistiques - réponses
Hint Réponse % Correct
Clovis Ier Vers 465
84%
Louis XIV 5 Septembre 1638
71%
Louis VII 1120
66%
François Ier Septembre 1494
66%
Charlemagne Vers 742
66%
Henri II 1519
58%
Philippe IV 1268
53%
Charles IX 1550
53%
Louis IX 27 Avril 1214
53%
Dagobert Ier Vers 604
50%
Philippe Ier 1050
47%
Philippe II Auguste 21 Août 1165
47%
Jean Ier Novembre 1316
47%
Charles VI 1368
45%
Charles VIII 30 Juin 1470
45%
Louis XI Juillet 1423
45%
Philippe III 1245
42%
Charles V 1338
42%
Louis II Vers 846
37%
Charles III le Simple Vers 879
34%
Aucun quiz correspondant
Distribution des résultats
% des personnes avec chaque résultat
Percentile par nombre de réponses
Votre historique - résultats
Vous n’avez pas pris ce quiz